| 000 | 01829nam a2200361 c 4500 | ||
|---|---|---|---|
| 999 |
_c183678 _d183678 |
||
| 003 | BLK | ||
| 005 | 20221207133119.0 | ||
| 008 | 180411b bul|||||r ||||||| ||bul|| | ||
| 010 | _aKNG00192623000 | ||
| 040 | _aBLK | ||
| 041 |
_aBUL _cBUL |
||
| 080 |
_aВоенноморски флот - Персонал и организация. Служби. Части, принадлежащи към военно-морския флот - морска пехота, морскаартилерия и въздушни сили;технически служби в морския флот;санитарна служба _b359 _z359 |
||
| 100 | 1 |
_aГоршков, Сергей Георгиевич _eпърви автор _9343279 |
|
| 139 |
_aГоршков, Сергей Георгиевич _bГ 69 |
||
| 245 | 1 | 0 |
_aМорската мощ на държавата _bМоногр. _cСергей Георгиевич Горшков; прев. от рус. Васил Янакиев; прев. от рус. Минчо В. Пеловски. |
| 257 | _aSUN | ||
| 260 |
_bВоен. изд. _c1980 |
||
| 300 |
_a427 с. _c21 см |
||
| 380 | _a3 | ||
| 490 |
_aВоенни знания _9204899 |
||
| 500 | _aОриг. загл. Морская мощь государства. - 2 130 тир. - Библиогр. под линия | ||
| 650 | 4 |
_aВоенно-морски флот _9270436 |
|
| 653 | _aвоенноморски сили | ||
| 653 | _aистория | ||
| 653 | _aразвитие | ||
| 700 | 1 |
_aЯнакиев, Васил _eпрев. от рус. _9343280 |
|
| 700 | 1 |
_aПеловски, Минчо В. _eпрев. от рус. _9343281 |
|
| 852 | _aЦб 106145 | ||
| 856 | 4 |
_qpdf _i0.00 _ldisable |
|
| 856 | 4 |
_qpdf _i0.00 _ldisable |
|
| 942 |
_cKNG _n0 _s1 |
||
| 944 |
_aCR _c12.10.2016 _kСевдалина_Василева |
||
| 944 |
_aED _c12.10.2016 _kСевдалина_Василева |
||
| 999 | _d183678 | ||